| 000 -LEADER |
| fixed length control field |
00805nam a22002057a 4500 |
| 001 - CONTROL NUMBER |
| control field |
21454 |
| 003 - CONTROL NUMBER IDENTIFIER |
| control field |
BD-DhUAP |
| 005 - DATE AND TIME OF LATEST TRANSACTION |
| control field |
20220109164850.0 |
| 008 - FIXED-LENGTH DATA ELEMENTS--GENERAL INFORMATION |
| fixed length control field |
220109b19982018bg ||||| |||| 001 0 ben d |
| 020 ## - INTERNATIONAL STANDARD BOOK NUMBER |
| International Standard Book Number |
984465145-x |
| 040 ## - CATALOGING SOURCE |
| Original cataloging agency |
BD-DhUAP |
| Language of cataloging |
ben |
| Transcribing agency |
BD-DhUAP |
| Modifying agency |
BD-DhUAP |
| Description conventions |
BD-DhUAP |
| 082 ## - DEWEY DECIMAL CLASSIFICATION NUMBER |
| Edition number |
23 |
| Classification number |
954.9205 SAL |
| 100 ## - MAIN ENTRY--PERSONAL NAME |
| Personal name |
সালিম, আহমেদ । |
| 245 ## - TITLE STATEMENT |
| Title |
পাকিস্তানের কারাগারে শেখ মুজিবের বন্দিজীবন / |
| Remainder of title |
আহমেদ সালিম। |
| 250 ## - EDITION STATEMENT |
| Edition statement |
তৃতীয় মুদ্রণ, |
| 260 ## - PUBLICATION, DISTRIBUTION, ETC. |
| Place of publication, distribution, etc. |
ঢাকা : |
| Name of publisher, distributor, etc. |
সাহিত্য প্রকাশ; |
| Date of publication, distribution, etc. |
২০১৮ । |
| 300 ## - PHYSICAL DESCRIPTION |
| Extent |
১০৯ পৃষ্ঠা : |
| Dimensions |
২২ সে.মি. । |
| 650 ## - SUBJECT ADDED ENTRY--TOPICAL TERM |
| Topical term or geographic name entry element |
Bangladesh. |
| General subdivision |
History. |
| 942 ## - ADDED ENTRY ELEMENTS (KOHA) |
| Source of classification or shelving scheme |
|
| Koha item type |
Book |